Ahmet Cevdet Paşa tarihinden seçmeler I / (Record no. 7257)
| 000 -BAŞLIK | |
|---|---|
| Sabit Uzunluktaki Kontrol Alanı | 01196nam a22003497a 4500 |
| 001 - KONTROL NUMARASI | |
| Control Dosyası | 0007278 |
| 003 - KONTROL NUMARASI KİMLİĞİ | |
| Kontrol Alanı | KOHA_MİRAKIL |
| 005 - EN SON İŞLEM TARİHİ ve ZAMANI | |
| Kontrol Alanı | 20260207001552.0 |
| 007 - FİZİKSEL TANIM SABİT ALAN - GENEL BİLGİ | |
| Sabit uzunluklu kontrol alanı | ta |
| 008 - SABİT UZUNLUKTAKİ VERİ ÖGELERİ - GENEL BİLGİ | |
| Sabit Alan | 090916b1994 tu |||gr||||#0|||0|tur | |
| 020 ## - ISBN - ULUSLARARASI STANDART KİTAP NUMARASI | |
| Isbn | 9751105471 |
| Nitelik bilgileri | (Tk) 975110548X |
| -- | (c.1) |
| Kullanılabilirlik koşulları | 0,01 |
| 040 ## - KATALOGLAMA KAYNAĞI | |
| Özgün Kataloglama Kurumu | TR-BiSEU |
| Kataloglama Dili | tur |
| Çeviri Kurumu | TR-BiSEU |
| Açıklama Kuralları | rda |
| 041 0# - DİL KODU | |
| Metin ya da ses kaydının dil kodu | tur |
| 044 ## - YAYINLAYAN/ÜRETEN KURULUŞUN ÜLKE KODU | |
| ISO country code | tu |
| 050 ## - SINIFLAMA ve YER NUMARASI | |
| Sınıflama Numarası | DR536.6 |
| Yer Numarası | .C48 1994 |
| 100 0# - KİŞİ ADI | |
| Yazar Adı (Kişi adı) | Ahmet Cevdet Paşa. |
| 245 1# - ESER ADI BİLDİRİMİ | |
| Başlık | Ahmet Cevdet Paşa tarihinden seçmeler I / |
| Sorumluluk Bildirimi | Ahmet Cevdet Paşa ; Ahmet Cevdet Paşa; editörSadi Irmak ,Behçet Kemal Çağlar. |
| 264 #1 - ÜRERİM, YAYIN, DAĞITIM ve TELİF BİLDİRİMİ | |
| Yayın yeri | İstanbul : |
| Yayınlayan | Milli Eğitim Bakanlığı |
| Yayın tarihi | 1994 |
| 300 ## - FİZİKSEL TANIMLAMA | |
| Sayfa, Cilt vb. | 2 c., 292 sayfa |
| 336 ## - İÇERİK TÜRÜ | |
| Content type term | metin |
| Content type code | txt |
| Source | rdacontent |
| 337 ## - MEDYA TÜRÜ | |
| Media type term | aracısız |
| Media type code | n |
| Source | rdamedia |
| 338 ## - TAŞIYICI TÜRÜ | |
| Carrier type term | cilt |
| Carrier type code | nc |
| Source | rdacarrier |
| 490 1# - DİZİ BİLDİRİMİ | |
| Dizi Bildirimi | Milli Eğitim Bakanlığı Yayınları no ; |
| Cilt Numarası | 2176. |
| 490 1# - DİZİ BİLDİRİMİ | |
| Dizi Bildirimi | Bilim Kültür Esrleri Dizisi ; |
| Cilt Numarası | 487. |
| 490 1# - DİZİ BİLDİRİMİ | |
| Dizi Bildirimi | Tarih Dizisi ;4. |
| 650 #0 - KONU BAŞLIĞI EK GİRİŞ - KONU TERİMİ | |
| Konusal terim veya coğrafi ad | Türkiye--Tarih 1683-1839. |
| 9 (RLIN) | 18078 |
| 830 1# - SERİ EK GİRİŞİ - TEKBİÇİM ESER ADI | |
| Tekbiçim Başlık | Milli Eğitim Bakanlığı Yayınları no ; |
| Volume number/sequential designation | 2176. |
| 9 (RLIN) | 18079 |
| 830 1# - SERİ EK GİRİŞİ - TEKBİÇİM ESER ADI | |
| Tekbiçim Başlık | Bilim Kültür Esrleri Dizisi ; |
| Volume number/sequential designation | 487. |
| 9 (RLIN) | 18080 |
| 830 1# - SERİ EK GİRİŞİ - TEKBİÇİM ESER ADI | |
| Tekbiçim Başlık | Tarih Dizisi ;4. |
| 9 (RLIN) | 18081 |
| 907 ## - LOCAL DATA ELEMENT G, LDG (RLIN) | |
| a | Tarih |
| 942 ## - EK GİRİŞ ÖGELERİ (KOHA) | |
| Source of classification or shelving scheme | Library of Congress Classification |
| Koha item type | Book |
| Materyal Türü | Kalıcı Konum | Mevcut Konum | Raf Yeri | Sınıflandırma Kaynağı | Edinim Bilgisi | Ana Konular | Alt Konular | Yer Numarası | Demirbaş Numarası | Fatura Tarihi | Geri Çekilme Durumu | Kayıp Durumu | Hasarlı Durumu | Kredi için değil | Kayıt Tarih | Toplam Ödünçverme | Son Görülme Tarihi | Son Kontrol Tarihi | Genel / Bağış Notu |
|---|---|---|---|---|---|---|---|---|---|---|---|---|---|---|---|---|---|---|---|
| Book | Prof. Dr. Azmi Özcan Kütüphanesi | Prof. Dr. Azmi Özcan Kütüphanesi | Uluğbey Salonu | Library of Congress Classification | Bağış | DÜNYA TARİHİ (AVRUPA, ASYA, AFRİKA VB.) | Balkan Yarımadası | DR536.6 .C48 1994 | 0007278 | 13/08/2010 | 16/09/2009 | 2 | 05/12/2024 | 05/12/2024 | Genel Bağış |
